000 00765nam a2200241 i 4500
001 88829
003 ES-MaACL
005 20231019203337.0
007 t|
008 041209s2000 sp ||||1| spa d
020 _a84-206-3560-X
080 _a929 Aníbal
100 1 _aBarceló, Pedro.
_925513
245 1 0 _aAníbal de Cartago :
_bun proyecto alternativo a la formación del Imperio romano /
_cPedro Barceló.
250 _a1ª ed., 1ª reimp.
260 _aMadrid :
_bAlianza Editorial,
_c2000.
300 _a242 p. ;
_c18 cm.
490 1 _aEl libro de bolsillo. Historia ;
_v4187
600 0 7 _aAníbal,
_d247-182 a.C.
_2
_9165256
830 1 _aEl libro de bolsillo. Historia ;
_v4187
_9179835
852 _aES-MaACL
_jE-10656
999 _c88829
_d88829